[Event "DEM U12 2021"]
[Site "Willingen GER"]
[Date "2021.08.27"]
[Round "7"]
[White "Wunderlich, Elias"]
[Black "Jahnz, Laurin"]
[Result "1/2-1/2"]
[Termination "normal"]
[Board "11"]
[WhiteElo "1657"]
[BlackElo "1546"]
[WhiteClock "00:35:52"]
[BlackClock "00:32:28"]
[PlyCount "110"]
[WhiteFideId "34608087"]
[BlackFideId "16261089"]
[EventCountry "GER"]
[EventRounds "9"]
[EventType "swiss"]
[EventDate "2021.08.22"]

1. e4 {[%clk 01:30:58]} {[%emt 00:00:03]} c6 {[%clk 01:30:58]} {[%emt
00:00:03]} 2. d4 {[%clk 01:31:24]} {[%emt 00:00:03]} d5 {[%clk 01:31:23]}
{[%emt 00:00:04]} 3. e5 {[%clk 01:31:50]} {[%emt 00:00:05]} Bf5 {[%clk
01:31:47]} {[%emt 00:00:05]} 4. h4 {[%clk 01:32:14]} {[%emt 00:00:06]} Qc7
{[%clk 01:32:12]} {[%emt 00:00:05]} 5. Be3 {[%clk 01:30:08]} {[%emt 00:02:37]}
f6 {[%clk 01:32:30]} {[%emt 00:00:12]} 6. exf6 {[%clk 01:23:52]} {[%emt
00:06:45]} Nxf6 {[%clk 01:32:52]} {[%emt 00:00:09]} 7. Bd3 {[%emt 00:01:31]}
Bxd3 {[%emt 00:00:37]} 8. Qxd3 {[%clk 01:22:05]} {[%emt 00:00:09]} Nbd7 {[%clk
01:32:09]} {[%emt 00:01:12]} 9. Nf3 {[%clk 01:21:31]} {[%emt 00:01:04]} e6
{[%clk 01:18:21]} {[%emt 00:14:18]} 10. Nbd2 {[%clk 01:19:33]} {[%emt
00:02:28]} c5 {[%clk 01:13:46]} {[%emt 00:05:05]} 11. c4 {[%clk 01:17:40]}
{[%emt 00:02:24]} Rc8 {[%clk 00:56:21]} {[%emt 00:17:55]} 12. Rc1 {[%clk
01:16:10]} {[%emt 00:01:55]} Qb6 {[%clk 00:53:15]} {[%emt 00:03:41]} 13. b3
{[%clk 01:11:37]} {[%emt 00:05:03]} Qa6 {[%clk 00:48:10]} {[%emt 00:05:35]} 14.
O-O {[%clk 01:11:16]} {[%emt 00:00:51]} Be7 {[%clk 00:46:53]} {[%emt 00:01:47]}
15. Rfe1 {[%clk 01:07:15]} {[%emt 00:04:30]} O-O {[%clk 00:46:17]} {[%emt
00:01:06]} 16. Bf4 {[%clk 00:59:27]} {[%emt 00:08:18]} Rce8 {[%clk 00:36:19]}
{[%emt 00:10:28]} 17. Ng5 {[%clk 00:51:20]} {[%emt 00:08:38]} Bd8 {[%clk
00:34:37]} {[%emt 00:02:11]} 18. Be5 {[%clk 00:43:08]} {[%emt 00:08:43]} h6
{[%clk 00:33:25]} {[%emt 00:01:41]} 19. Ngf3 {[%clk 00:43:03]} {[%emt
00:00:35]} cxd4 {[%clk 00:17:57]} {[%emt 00:15:59]} 20. Bxd4 {[%clk 00:42:27]}
{[%emt 00:01:06]} Bb6 {[%clk 00:15:21]} {[%emt 00:03:06]} 21. Bxb6 {[%clk
00:40:34]} {[%emt 00:02:23]} Nxb6 {[%clk 00:14:41]} {[%emt 00:01:09]} 22. Qc3
{[%clk 00:34:58]} {[%emt 00:06:06]} dxc4 {[%clk 00:13:55]} {[%emt 00:01:17]}
23. Nxc4 {[%clk 00:34:20]} {[%emt 00:01:07]} Nxc4 {[%emt 00:00:06]} 24. Qxc4
{[%clk 00:34:33]} {[%emt 00:00:16]} Qxc4 {[%clk 00:14:35]} {[%emt 00:00:16]}
25. Rxc4 {[%clk 00:34:34]} {[%emt 00:00:29]} Rc8 {[%clk 00:09:50]} {[%emt
00:05:15]} 26. Ra4 {[%clk 00:28:51]} {[%emt 00:06:12]} a6 {[%clk 00:09:32]}
{[%emt 00:00:49]} 27. Rxe6 {[%clk 00:27:56]} {[%emt 00:01:25]} Rfe8 {[%clk
00:09:39]} {[%emt 00:00:22]} 28. Rb6 {[%clk 00:27:07]} {[%emt 00:01:19]} Rc7
{[%clk 00:09:39]} {[%emt 00:00:30]} 29. Rd4 {[%clk 00:24:02]} {[%emt 00:03:35]}
Re2 {[%clk 00:06:45]} {[%emt 00:03:24]} 30. Rd2 {[%clk 00:19:51]} {[%emt
00:04:41]} Rxd2 {[%clk 00:06:36]} {[%emt 00:00:39]} 31. Nxd2 {[%clk 00:20:19]}
{[%emt 00:00:02]} Rc2 {[%clk 00:06:56]} {[%emt 00:00:10]} 32. Nf1 {[%clk
00:19:19]} {[%emt 00:01:31]} Rxa2 {[%clk 00:07:14]} {[%emt 00:00:12]} 33. Rxb7
{[%clk 00:18:05]} {[%emt 00:01:43]} Ra1 {[%clk 00:06:39]} {[%emt 00:01:05]} 34.
Re7 {[%clk 00:13:20]} {[%emt 00:05:15]} Kf8 {[%clk 00:05:18]} {[%emt 00:01:51]}
35. Re2 {[%clk 00:12:08]} {[%emt 00:01:41]} Rb1 {[%clk 00:05:43]} {[%emt
00:00:07]} 36. Ra2 {[%clk 00:11:57]} {[%emt 00:00:41]} Ne4 {[%clk 00:04:51]}
{[%emt 00:01:21]} 37. g3 {[%clk 00:10:50]} {[%emt 00:01:38]} Rxb3 {[%clk
00:04:50]} {[%emt 00:00:29]} 38. Rxa6 {[%clk 00:10:43]} {[%emt 00:00:39]} Rb2
{[%clk 00:04:54]} {[%emt 00:00:25]} 39. Ra4 {[%clk 00:10:46]} {[%emt 00:00:27]}
Nf6 {[%clk 00:04:20]} {[%emt 00:01:04]} 40. Ne3 {[%clk 00:10:54]} {[%emt
00:00:23]} Rb5 {[%clk 00:03:04]} {[%emt 00:01:43]} 41. Kg2 {[%clk 00:10:45]}
{[%emt 00:00:41]} Re5 {[%clk 00:00:49]} {[%emt 00:02:45]} 42. Ng4 {[%clk
00:10:02]} {[%emt 00:01:13]} Nxg4 {[%clk 00:01:11]} {[%emt 00:00:09]} 43. Rxg4
{[%clk 00:10:25]} {[%emt 00:00:06]} g5 {[%clk 00:00:38]} {[%emt 00:01:03]} 44.
f4 {[%clk 00:07:44]} {[%emt 00:03:12]} gxf4 {[%clk 00:30:12]} {[%emt 00:00:55]}
45. Rxf4+ {[%clk 00:38:02]} {[%emt 00:00:13]} Kg7 {[%clk 00:30:35]} {[%emt
00:00:06]} 46. g4 {[%clk 00:37:35]} {[%emt 00:00:58]} Re3 {[%clk 00:30:26]}
{[%emt 00:00:38]} 47. Rf3 {[%clk 00:37:50]} {[%emt 00:00:15]} Re2+ {[%clk
00:30:25]} {[%emt 00:00:31]} 48. Kg3 {[%clk 00:38:03]} {[%emt 00:00:17]} Re4
{[%clk 00:30:50]} {[%emt 00:00:05]} 49. Rf5 {[%clk 00:36:28]} {[%emt 00:02:06]}
Rc4 {[%clk 00:30:27]} {[%emt 00:00:52]} 50. h5 {[%clk 00:36:13]} {[%emt
00:00:45]} Rd4 {[%clk 00:30:42]} {[%emt 00:00:15]} 51. Kh4 {[%clk 00:36:04]}
{[%emt 00:00:39]} Rc4 {[%clk 00:31:03]} {[%emt 00:00:09]} 52. Ra5 {[%clk
00:36:17]} {[%emt 00:00:17]} Rc7 {[%clk 00:31:19]} {[%emt 00:00:13]} 53. Ra4
{[%clk 00:36:14]} {[%emt 00:00:34]} Rb7 {[%clk 00:31:42]} {[%emt 00:00:06]} 54.
Ra6 {[%clk 00:35:47]} {[%emt 00:00:59]} Rc7 {[%clk 00:32:04]} {[%emt 00:00:08]}
55. Rg6+ {[%clk 00:35:52]} {[%emt 00:00:25]} Kh7 {[%clk 00:32:28]} {[%emt
00:00:05]} 1/2-1/2

[Event "DEM U12 2021"]
[Site "Willingen GER"]
[Date "2021.08.27"]
[Round "7"]
[White "Shkundin, Maximilian"]
[Black "Burkart, Lloyd Shang"]
[Result "0-1"]
[Termination "normal"]
[Board "12"]
[WhiteElo "1263"]
[BlackElo "1569"]
[WhiteClock "00:35:19"]
[BlackClock "00:27:53"]
[PlyCount "56"]
[WhiteFideId "16287258"]
[BlackFideId "16239059"]
[EventCountry "GER"]
[EventRounds "9"]
[EventType "swiss"]
[EventDate "2021.08.22"]

1. e4 {[%clk 01:30:58]} {[%emt 00:00:02]} c5 {[%clk 01:30:57]} {[%emt
00:00:04]} 2. Nf3 {[%clk 01:31:22]} {[%emt 00:00:06]} e6 {[%clk 01:31:23]}
{[%emt 00:00:04]} 3. d4 {[%clk 01:31:44]} {[%emt 00:00:09]} cxd4 {[%clk
01:31:49]} {[%emt 00:00:04]} 4. Nxd4 {[%clk 01:32:06]} {[%emt 00:00:07]} Nf6
{[%clk 01:32:16]} {[%emt 00:00:03]} 5. Bd3 {[%clk 01:32:03]} {[%emt 00:00:33]}
a6 {[%clk 01:32:05]} {[%emt 00:00:41]} 6. Nc3 {[%clk 01:31:28]} {[%emt
00:01:04]} d6 {[%clk 01:32:27]} {[%emt 00:00:09]} 7. O-O {[%clk 01:31:25]}
{[%emt 00:00:31]} b5 {[%clk 01:32:09]} {[%emt 00:00:50]} 8. a3 {[%clk
01:31:24]} {[%emt 00:00:31]} Nbd7 {[%clk 01:32:05]} {[%emt 00:00:34]} 9. Be3
{[%clk 01:31:14]} {[%emt 00:00:40]} Bb7 {[%clk 01:31:58]} {[%emt 00:00:37]} 10.
Nb3 {[%clk 01:28:51]} {[%emt 00:02:52]} Rc8 {[%clk 01:29:53]} {[%emt 00:02:36]}
11. f3 {[%clk 01:27:47]} {[%emt 00:01:33]} Be7 {[%clk 01:30:05]} {[%emt
00:00:19]} 12. Qe1 {[%clk 01:27:45]} {[%emt 00:00:32]} O-O {[%clk 01:28:09]}
{[%emt 00:02:26]} 13. Qf2 {[%clk 01:19:05]} {[%emt 00:09:09]} Qc7 {[%clk
01:22:13]} {[%emt 00:06:26]} 14. Rfd1 {[%clk 01:14:16]} {[%emt 00:05:16]} Rfe8
{[%clk 01:20:28]} {[%emt 00:02:20]} 15. Rac1 {[%clk 01:13:54]} {[%emt
00:00:51]} d5 {[%clk 01:02:16]} {[%emt 00:18:42]} 16. exd5 {[%clk 01:09:36]}
{[%emt 00:04:47]} Nxd5 {[%clk 01:02:33]} {[%emt 00:00:14]} 17. Nxd5 {[%emt
00:00:53]} Bxd5 {[%clk 01:02:38]} {[%emt 00:00:06]} 18. Nd2 {[%clk 01:05:40]}
{[%emt 00:04:21]} Ne5 {[%clk 00:41:36]} {[%emt 00:21:32]} 19. Be4 {[%clk
00:57:02]} {[%emt 00:09:08]} Bxe4 {[%clk 00:33:17]} {[%emt 00:08:50]} 20. Nxe4
{[%clk 00:56:08]} {[%emt 00:01:24]} Nc4 {[%clk 00:33:17]} {[%emt 00:00:30]} 21.
Bd4 {[%clk 00:54:42]} {[%emt 00:01:54]} e5 {[%clk 00:32:15]} {[%emt 00:01:34]}
22. Bc3 {[%clk 00:53:19]} {[%emt 00:01:53]} f5 {[%clk 00:32:04]} {[%emt
00:00:41]} 23. Qg3 {[%clk 00:39:00]} {[%emt 00:14:49]} fxe4 {[%clk 00:32:09]}
{[%emt 00:00:24]} 24. f4 {[%clk 00:38:41]} {[%emt 00:00:50]} Bc5+ {[%clk
00:32:06]} {[%emt 00:00:34]} 25. Kh1 {[%clk 00:38:37]} {[%emt 00:00:32]} Be3
{[%clk 00:27:21]} {[%emt 00:05:16]} 26. Bxe5 {[%clk 00:35:06]} {[%emt
00:04:01]} Rxe5 {[%clk 00:27:27]} {[%emt 00:00:24]} 27. fxe5 {[%clk 00:35:19]}
{[%emt 00:00:16]} Bxc1 {[%clk 00:27:51]} {[%emt 00:00:06]} 28. Rxc1 {[%emt
00:00:35]} Qxe5 {[%clk 00:27:53]} {[%emt 00:00:09]} 0-1

[Event "DEM U12 2021"]
[Site "Willingen GER"]
[Date "2021.08.27"]
[Round "7"]
[White "Kuhlmann, Nils Magnus"]
[Black "Dorendorf, Mika"]
[Result "1-0"]
[Termination "normal"]
[Board "13"]
[WhiteElo "1224"]
[BlackElo "1492"]
[WhiteClock "00:17:38"]
[BlackClock "01:02:38"]
[PlyCount "77"]
[WhiteFideId "16287177"]
[BlackFideId "16283066"]
[EventCountry "GER"]
[EventRounds "9"]
[EventType "swiss"]
[EventDate "2021.08.22"]

1. e4 {[%clk 01:30:59]} c5 {[%clk 01:30:57]} {[%emt 00:00:04]} 2. Nf3 {[%clk
01:31:26]} {[%emt 00:00:03]} Nc6 {[%clk 01:31:23]} {[%emt 00:00:04]} 3. d4
{[%clk 01:31:53]} {[%emt 00:00:03]} cxd4 {[%clk 01:31:47]} {[%emt 00:00:05]} 4.
Nxd4 {[%clk 01:32:20]} {[%emt 00:00:03]} Nf6 {[%clk 01:32:13]} {[%emt
00:00:04]} 5. Nc3 {[%clk 01:32:44]} {[%emt 00:00:06]} e5 {[%clk 01:32:42]}
{[%emt 00:00:02]} 6. Ndb5 {[%clk 01:33:11]} {[%emt 00:00:04]} d6 {[%clk
01:33:08]} {[%emt 00:00:03]} 7. Na3 {[%clk 01:32:53]} {[%emt 00:00:48]} Be7
{[%clk 01:33:11]} {[%emt 00:00:26]} 8. g3 {[%clk 01:32:14]} {[%emt 00:01:09]}
O-O {[%clk 01:33:26]} {[%emt 00:00:15]} 9. Bg2 {[%clk 01:29:52]} {[%emt
00:02:52]} Be6 {[%clk 01:33:26]} {[%emt 00:00:31]} 10. O-O {[%clk 01:28:31]}
{[%emt 00:01:50]} Nb4 {[%clk 01:31:44]} {[%emt 00:02:13]} 11. Nd5 {[%clk
01:24:18]} {[%emt 00:04:44]} Nbxd5 {[%clk 01:29:55]} {[%emt 00:02:19]} 12. exd5
{[%clk 01:24:38]} {[%emt 00:00:09]} Bf5 {[%clk 01:29:52]} {[%emt 00:00:32]} 13.
Nc4 {[%clk 01:22:25]} {[%emt 00:02:44]} Rc8 {[%clk 01:29:07]} {[%emt 00:01:14]}
14. Ne3 {[%clk 01:22:33]} {[%emt 00:00:22]} Bg6 {[%clk 01:29:18]} {[%emt
00:00:19]} 15. Bh3 {[%clk 01:21:15]} {[%emt 00:01:49]} Rc7 {[%clk 01:26:18]}
{[%emt 00:03:29]} 16. b3 {[%clk 01:21:09]} {[%emt 00:00:37]} a5 {[%clk
01:25:56]} {[%emt 00:00:52]} 17. Nf5 {[%clk 01:08:33]} {[%emt 00:13:06]} Bxf5
{[%clk 01:25:38]} {[%emt 00:00:47]} 18. Bxf5 {[%clk 01:08:34]} {[%emt
00:00:30]} Rc5 {[%clk 01:25:53]} {[%emt 00:00:11]} 19. c4 {[%clk 01:08:18]}
{[%emt 00:00:50]} b5 {[%clk 01:25:05]} {[%emt 00:01:19]} 20. Be3 {[%clk
01:08:15]} {[%emt 00:00:34]} Rc7 {[%clk 01:25:04]} {[%emt 00:00:30]} 21. Bb6
{[%clk 01:08:32]} {[%emt 00:00:13]} b4 {[%clk 01:24:49]} {[%emt 00:00:45]} 22.
Bxc7 {[%clk 01:08:27]} {[%emt 00:00:35]} Qxc7 {[%clk 01:25:12]} {[%emt
00:00:06]} 23. Qc2 {[%clk 01:05:48]} {[%emt 00:03:10]} g6 {[%clk 01:25:04]}
{[%emt 00:00:37]} 24. Bh3 {[%clk 01:05:43]} {[%emt 00:00:35]} Bd8 {[%clk
01:24:39]} {[%emt 00:00:53]} 25. Bg2 {[%clk 00:56:54]} {[%emt 00:09:21]} Nd7
{[%clk 01:23:44]} {[%emt 00:01:24]} 26. Qd2 {[%clk 00:56:19]} {[%emt 00:01:06]}
Qb7 {[%clk 01:23:19]} {[%emt 00:00:55]} 27. f4 {[%clk 00:54:33]} {[%emt
00:02:18]} Bb6+ {[%clk 01:22:26]} {[%emt 00:01:23]} 28. Kh1 {[%clk 00:54:41]}
{[%emt 00:00:22]} Bc5 {[%clk 01:22:14]} {[%emt 00:00:41]} 29. f5 {[%clk
00:52:27]} {[%emt 00:02:44]} Qa7 {[%clk 01:19:16]} {[%emt 00:03:27]} 30. Bh3
{[%clk 00:48:15]} {[%emt 00:04:41]} Kg7 {[%clk 01:17:27]} {[%emt 00:02:19]} 31.
fxg6 {[%clk 00:40:18]} {[%emt 00:08:28]} hxg6 {[%clk 01:17:36]} {[%emt
00:00:20]} 32. a3 {[%clk 00:33:32]} {[%emt 00:07:17]} Rh8 {[%clk 01:13:22]}
{[%emt 00:04:42]} 33. axb4 {[%clk 00:30:45]} {[%emt 00:03:19]} Bxb4 {[%clk
01:13:09]} {[%emt 00:00:42]} 34. Qxb4 {[%clk 00:30:07]} {[%emt 00:01:09]} Qd4
{[%clk 01:09:01]} {[%emt 00:04:38]} 35. Qb7 {[%clk 00:25:02]} {[%emt 00:05:35]}
Rxh3 {[%clk 01:07:44]} {[%emt 00:01:46]} 36. Qxd7 {[%clk 00:18:17]} {[%emt
00:07:14]} Qe4+ {[%clk 01:07:36]} {[%emt 00:00:38]} 37. Kg1 {[%clk 00:18:35]}
{[%emt 00:00:13]} Qe3+ {[%clk 01:05:09]} {[%emt 00:02:56]} 38. Kg2 {[%clk
00:17:54]} {[%emt 00:01:11]} Qd2+ {[%clk 01:02:38]} {[%emt 00:03:01]} 39. Kxh3
{[%clk 00:17:38]} {[%emt 00:00:46]} 1-0

[Event "DEM U12 2021"]
[Site "Willingen GER"]
[Date "2021.08.27"]
[Round "7"]
[White "Herrmann, Jakob"]
[Black "Bangert, Jonas"]
[Result "1-0"]
[Termination "normal"]
[Board "14"]
[WhiteElo "1531"]
[BlackElo "1541"]
[WhiteClock "00:36:12"]
[BlackClock "00:01:37"]
[PlyCount "63"]
[WhiteFideId "16287169"]
[BlackFideId "16289650"]
[EventCountry "GER"]
[EventRounds "9"]
[EventType "swiss"]
[EventDate "2021.08.22"]

1. e4 {[%clk 01:30:56]} {[%emt 00:00:04]} c6 {[%clk 01:30:57]} {[%emt
00:00:03]} 2. Nc3 {[%clk 01:31:19]} {[%emt 00:00:06]} d5 {[%clk 01:31:13]}
{[%emt 00:00:15]} 3. d4 {[%clk 01:31:29]} {[%emt 00:00:20]} dxe4 {[%clk
01:31:29]} {[%emt 00:00:15]} 4. Nxe4 {[%emt 00:00:02]} Nf6 {[%clk 01:31:16]}
{[%emt 00:00:42]} 5. Nxf6+ {[%clk 01:32:17]} {[%emt 00:00:11]} exf6 {[%clk
01:31:41]} {[%emt 00:00:04]} 6. c3 {[%clk 01:32:36]} {[%emt 00:00:11]} Bd6
{[%clk 01:30:57]} {[%emt 00:01:14]} 7. Bd3 {[%clk 01:32:54]} {[%emt 00:00:13]}
O-O {[%clk 01:28:53]} {[%emt 00:02:33]} 8. Qc2 {[%clk 01:33:16]} {[%emt
00:00:07]} Re8+ {[%clk 01:26:33]} {[%emt 00:02:51]} 9. Ne2 {[%clk 01:33:40]}
{[%emt 00:00:07]} h5 {[%clk 01:20:33]} {[%emt 00:06:30]} 10. Be3 {[%clk
01:33:06]} {[%emt 00:01:04]} h4 {[%clk 01:12:52]} {[%emt 00:08:11]} 11. O-O-O
{[%clk 01:29:55]} {[%emt 00:03:40]} Bg4 {[%clk 01:05:42]} {[%emt 00:07:40]} 12.
h3 {[%clk 01:25:02]} {[%emt 00:05:23]} Bc8 {[%clk 01:03:09]} {[%emt 00:03:03]}
13. d5 {[%clk 01:15:44]} {[%emt 00:09:48]} cxd5 {[%clk 00:58:37]} {[%emt
00:05:02]} 14. Bh7+ {[%clk 01:15:01]} {[%emt 00:01:12]} Kf8 {[%clk 00:56:51]}
{[%emt 00:02:16]} 15. Rxd5 {[%clk 01:14:17]} {[%emt 00:01:15]} Re5 {[%clk
00:50:02]} {[%emt 00:07:19]} 16. Rd4 {[%clk 01:09:52]} {[%emt 00:04:55]} Nc6
{[%clk 00:40:41]} {[%emt 00:09:52]} 17. Rxh4 {[%clk 01:01:16]} {[%emt
00:09:05]} f5 {[%emt 00:09:17]} 18. g3 {[%clk 00:51:39]} {[%emt 00:10:06]} Ne7
{[%clk 00:14:15]} {[%emt 00:18:09]} 19. Rd1 {[%clk 00:46:16]} {[%emt 00:05:53]}
g6 {[%clk 00:11:38]} {[%emt 00:03:08]} 20. Rhd4 {[%clk 00:44:15]} {[%emt
00:02:31]} Re6 {[%clk 00:11:00]} {[%emt 00:01:08]} 21. Nf4 {[%clk 00:41:54]}
{[%emt 00:02:51]} Rf6 {[%clk 00:09:31]} {[%emt 00:01:59]} 22. Qd2 {[%clk
00:37:45]} {[%emt 00:04:40]} Kg7 {[%clk 00:03:29]} {[%emt 00:06:31]} 23. Bxg6
{[%clk 00:37:03]} {[%emt 00:01:11]} fxg6 {[%clk 00:02:59]} {[%emt 00:01:00]}
24. Rxd6 {[%clk 00:36:25]} {[%emt 00:01:08]} Rxd6 {[%clk 00:03:06]} {[%emt
00:00:22]} 25. Qxd6 {[%clk 00:36:44]} {[%emt 00:00:11]} Qxd6 {[%emt 00:00:21]}
26. Rxd6 {[%clk 00:37:11]} Kf7 {[%clk 00:02:49]} {[%emt 00:01:00]} 27. h4
{[%clk 00:36:40]} {[%emt 00:01:01]} a6 {[%clk 00:02:21]} {[%emt 00:00:58]} 28.
Bd4 {[%clk 00:36:27]} {[%emt 00:00:43]} b5 {[%clk 00:01:17]} {[%emt 00:01:34]}
29. Rf6+ {[%clk 00:35:10]} {[%emt 00:01:45]} Ke8 {[%clk 00:01:20]} {[%emt
00:00:28]} 30. Nxg6 {[%clk 00:35:32]} {[%emt 00:00:08]} Nxg6 {[%clk 00:01:39]}
{[%emt 00:00:12]} 31. Rxg6 {[%clk 00:36:01]} Bb7 {[%clk 00:01:37]} {[%emt
00:00:32]} 32. h5 {[%clk 00:36:12]} {[%emt 00:00:19]} 1-0

[Event "DEM U12 2021"]
[Site "Willingen GER"]
[Date "2021.08.27"]
[Round "7"]
[White "Middendorf, Sven-Jonas"]
[Black "Kullmann, Max"]
[Result "0-1"]
[Termination "normal"]
[Board "15"]
[WhiteElo "1407"]
[BlackElo "1411"]
[WhiteClock "00:10:29"]
[BlackClock "00:09:25"]
[PlyCount "102"]
[WhiteFideId "16287207"]
[BlackFideId "16218574"]
[EventCountry "GER"]
[EventRounds "9"]
[EventType "swiss"]
[EventDate "2021.08.22"]

1. e4 {[%clk 01:30:57]} {[%emt 00:00:02]} d5 {[%clk 01:30:55]} {[%emt
00:00:05]} 2. exd5 {[%clk 01:31:24]} {[%emt 00:00:03]} Qxd5 {[%clk 01:31:18]}
{[%emt 00:00:07]} 3. Nc3 {[%clk 01:31:49]} {[%emt 00:00:05]} Qa5 {[%clk
01:31:34]} {[%emt 00:00:14]} 4. d4 {[%clk 01:32:06]} {[%emt 00:00:13]} c6
{[%clk 01:31:59]} {[%emt 00:00:06]} 5. Nf3 {[%clk 01:32:20]} {[%emt 00:00:16]}
Nf6 {[%clk 01:31:04]} {[%emt 00:01:25]} 6. Bc4 {[%clk 01:32:23]} {[%emt
00:00:27]} Bf5 {[%clk 01:31:17]} {[%emt 00:00:17]} 7. Bd2 {[%clk 01:32:32]}
{[%emt 00:00:21]} e6 {[%clk 01:31:24]} {[%emt 00:00:23]} 8. Nd5 {[%clk
01:32:48]} {[%emt 00:00:13]} Qd8 {[%clk 01:31:42]} {[%emt 00:00:12]} 9. Nxf6+
{[%clk 01:33:07]} {[%emt 00:00:11]} gxf6 {[%clk 01:32:03]} {[%emt 00:00:10]}
10. O-O {[%clk 01:33:15]} {[%emt 00:00:21]} Nd7 {[%clk 01:29:32]} {[%emt
00:03:02]} 11. Re1 {[%clk 01:32:56]} {[%emt 00:00:48]} Qc7 {[%clk 01:24:08]}
{[%emt 00:05:54]} 12. Qe2 {[%clk 01:27:21]} {[%emt 00:06:05]} O-O-O {[%clk
01:23:30]} {[%emt 00:01:09]} 13. Bd3 {[%clk 01:14:15]} {[%emt 00:13:36]} Bxd3
{[%clk 01:14:32]} {[%emt 00:09:27]} 14. Qxd3 {[%clk 01:13:20]} {[%emt
00:01:25]} Bd6 {[%clk 01:13:36]} {[%emt 00:01:26]} 15. Qc3 {[%clk 01:03:04]}
{[%emt 00:10:47]} Nb6 {[%clk 01:04:21]} {[%emt 00:09:45]} 16. Qa5 {[%clk
01:00:18]} {[%emt 00:03:16]} Nc4 {[%clk 00:55:42]} {[%emt 00:09:08]} 17. Qxc7+
{[%clk 00:59:36]} {[%emt 00:01:13]} Bxc7 {[%clk 00:55:14]} {[%emt 00:00:57]}
18. Bc3 {[%clk 00:59:23]} {[%emt 00:00:43]} Nd6 {[%clk 00:50:49]} {[%emt
00:04:55]} 19. d5 {[%clk 00:52:48]} {[%emt 00:07:05]} e5 {[%clk 00:46:02]}
{[%emt 00:05:17]} 20. dxc6 {[%clk 00:51:47]} {[%emt 00:01:31]} bxc6 {[%clk
00:46:22]} {[%emt 00:00:10]} 21. Bb4 {[%clk 00:49:43]} {[%emt 00:02:35]} Rd7
{[%clk 00:42:01]} {[%emt 00:04:50]} 22. Nd2 {[%clk 00:42:27]} {[%emt 00:07:47]}
a5 {[%clk 00:35:35]} {[%emt 00:06:55]} 23. Bc3 {[%clk 00:40:53]} {[%emt
00:02:04]} Nb5 {[%clk 00:32:22]} {[%emt 00:03:43]} 24. Ne4 {[%clk 00:32:45]}
{[%emt 00:08:38]} Nxc3 {[%clk 00:29:56]} {[%emt 00:02:56]} 25. Nxc3 {[%clk
00:30:50]} {[%emt 00:02:25]} f5 {[%clk 00:25:03]} {[%emt 00:05:23]} 26. Rad1
{[%clk 00:27:00]} {[%emt 00:04:20]} Rhd8 {[%clk 00:24:03]} {[%emt 00:01:30]}
27. Rxd7 {[%clk 00:25:27]} {[%emt 00:02:03]} Rxd7 {[%clk 00:24:10]} {[%emt
00:00:23]} 28. Rd1 {[%clk 00:25:35]} {[%emt 00:00:23]} f6 {[%clk 00:21:36]}
{[%emt 00:03:04]} 29. Rxd7 {[%clk 00:24:40]} {[%emt 00:01:24]} Kxd7 {[%clk
00:21:53]} {[%emt 00:00:12]} 30. f3 {[%clk 00:24:11]} {[%emt 00:01:01]} Bb6+
{[%clk 00:19:23]} {[%emt 00:02:59]} 31. Kf1 {[%clk 00:24:35]} {[%emt 00:00:06]}
Bd4 {[%clk 00:19:20]} {[%emt 00:00:33]} 32. Nd1 {[%clk 00:20:31]} {[%emt
00:04:34]} Kd6 {[%clk 00:18:45]} {[%emt 00:01:05]} 33. c3 {[%clk 00:20:35]}
{[%emt 00:00:27]} Bb6 {[%clk 00:17:45]} {[%emt 00:01:30]} 34. a3 {[%clk
00:19:42]} {[%emt 00:01:23]} a4 {[%clk 00:16:02]} {[%emt 00:02:12]} 35. Ke2
{[%clk 00:15:25]} {[%emt 00:04:47]} Kd5 {[%clk 00:14:49]} {[%emt 00:01:43]} 36.
Ne3+ {[%clk 00:07:29]} {[%emt 00:08:27]} Bxe3 {[%clk 00:11:54]} {[%emt
00:03:24]} 37. Kxe3 {[%clk 00:07:56]} {[%emt 00:00:02]} Kc4 {[%clk 00:08:31]}
{[%emt 00:03:53]} 38. Kd2 {[%clk 00:08:16]} {[%emt 00:00:11]} Kb3 {[%clk
00:08:33]} {[%emt 00:00:29]} 39. Kc1 {[%clk 00:08:40]} {[%emt 00:00:05]} e4
{[%clk 00:08:32]} {[%emt 00:00:31]} 40. fxe4 {[%clk 00:07:19]} {[%emt
00:01:51]} fxe4 {[%clk 00:08:53]} {[%emt 00:00:09]} 41. c4 {[%clk 00:07:34]}
{[%emt 00:00:15]} e3 {[%clk 00:07:36]} {[%emt 00:01:46]} 42. c5 {[%clk
00:07:32]} {[%emt 00:00:32]} e2 {[%clk 00:07:26]} {[%emt 00:00:41]} 43. Kd2
{[%clk 00:07:56]} {[%emt 00:00:06]} Kxb2 {[%clk 00:07:47]} {[%emt 00:00:09]}
44. Kxe2 {[%clk 00:08:19]} {[%emt 00:00:07]} Kxa3 {[%clk 00:08:05]} {[%emt
00:00:12]} 45. Kd3 {[%clk 00:08:41]} {[%emt 00:00:08]} Kb3 {[%clk 00:08:09]}
{[%emt 00:00:27]} 46. Ke4 {[%clk 00:09:01]} {[%emt 00:00:09]} a3 {[%clk
00:08:19]} {[%emt 00:00:21]} 47. Kf5 {[%clk 00:09:12]} {[%emt 00:00:19]} a2
{[%clk 00:08:30]} {[%emt 00:00:19]} 48. Kxf6 {[%clk 00:09:33]} {[%emt
00:00:09]} a1=Q+ {[%clk 00:08:49]} {[%emt 00:00:10]} 49. Kg5 {[%clk 00:09:52]}
{[%emt 00:00:11]} Qg7+ {[%clk 00:08:52]} {[%emt 00:00:26]} 50. Kh5 {[%clk
00:10:11]} {[%emt 00:00:12]} Qxg2 {[%clk 00:09:11]} {[%emt 00:00:11]} 51. h4
{[%clk 00:10:29]} {[%emt 00:00:12]} Qg6# {[%clk 00:09:25]} {[%emt 00:00:15]}
0-1